[Event "CZE-ch"]
[Site "Ostrava"]
[Date "2019.04.30"]
[Round "4"]
[White "Vorisek, Jakub"]
[Black "Bures, Martin"]
[Result "0-1"]
[WhiteElo "1991"]
[BlackElo "2150"]
[PlyCount "136"]
[EventDate "2019.04.27"]
[EventType "swiss"]
[EventRounds "9"]
[EventCountry "CZE"]
[SourceTitle "CBM 190 Extra"]
[Source "ChessBase"]
[SourceDate "2019.07.15"]
[SourceVersion "1"]
[SourceVersionDate "2019.07.15"]
[SourceQuality "1"]

1. e4 g6 2. d4 Bg7 3. Nf3 c5 4. Nc3 cxd4 5. Nxd4 Nc6 6. Nb3 Nf6 7. Be2 0-0 8. 0-0 d6 9. Bg5 Be6 10. Kh1 Rc8 11. f4 a6 12. Bf3 Nd7 13. Rb1 Nb6 14. Nd5 Nc4 15. c3 f6 16. Bh4 Bf7 17. Qe2 b5 18. Rbd1 e6 19. Ne3 g5 20. Bg3 gxf4 21. Bxf4 e5 22. Bg3 Ne7 23. Bg4 Rc6 24. Nf5 Nxf5 25. Bxf5 Qe7 26. Na1 Rd8 27. Nc2 d5 28. exd5 Rxd5 29. Rxd5 Bxd5 30. Qh5 Bf7 31. Bxh7+ Kf8 32. Qf3 Rd6 33. Qa8+ Qd8 34. Qxd8+ Rxd8 35. b3 Nb6 36. Nb4 a5 37. Nc6 Rd2 38. h3 Bd5 39. Rf2 Rd1+ 40. Kh2 Bxc6 41. Bxe5 Nd7 42. Bd4 Kf7 43. Bc2 Re1 44. c4 Bf8 45. Kg3 Bd6+ 46. Kh4 b4 47. Bf5 Bc5 48. Bxc5 Nxc5 49. g4 Re5 50. Rd2 Be4 51. Bc8 Bd3 52. Rf2 Ne4 53. Rf5 Nd6 54. Rxe5 fxe5 55. Bd7 Nb7 56. Kg5 Bb1 57. Kh6 Nc5 58. Bc6 e4 59. Bd5+ Kf8 60. g5 e3 61. Bf3 Ne6 62. g6 Bd3 63. c5 e2 64. Bxe2 Bxe2 65. c6 Kg8 66. h4 Bf3 67. c7 Nxc7 68. Kg5 Nd5 0-1

[Event "CZE-chT2F 1718"]
[Site "Czech Republic"]
[Date "2017.12.17"]
[Round "5.2"]
[White "Bures, Martin"]
[Black "Lys, Josef"]
[Result "1-0"]
[WhiteElo "2056"]
[BlackElo "2115"]
[PlyCount "81"]
[EventDate "2017.10.15"]
[EventType "team-tourn"]
[EventRounds "11"]
[EventCountry "CZE"]
[SourceTitle "EXT 2022"]
[Source "ChessBase"]
[SourceDate "2021.10.06"]
[SourceVersion "1"]
[SourceVersionDate "2021.10.06"]
[SourceQuality "1"]
[WhiteTeam "Havirov Banik"]
[BlackTeam "Dobra"]
[WhiteTeamCountry "CZE"]
[BlackTeamCountry "CZE"]

1. e4 c6 2. d4 d5 3. Nd2 dxe4 4. Nxe4 Bf5 5. Ng3 Bg6 6. N1e2 e6 7. Nf4 Bd6 8. h4 Qc7 9. h5 Bxc2 10. Qg4 Bf8 11. Bc4 Nh6 12. Qe2 Bf5 13. d5 Bd6 14. dxe6 Bxf4 15. exf7+ Kd8 16. Nxf5 Qa5+ 17. Kf1 Qxf5 18. Bxf4 Qxf4 19. Rd1+ Kc7 20. Qe7+ Kb6 21. Qb4+ Kc7 22. Qe7+ Kb6 23. Rh4 Qf6 24. Qb4+ Kc7 25. Re4 c5 26. Qxc5+ Nc6 27. Re6 Qh4 28. Rxc6+ bxc6 29. Qd6+ Kb6 30. Qb4+ Kc7 31. Qa5+ Kb8 32. Be6 Qh1+ 33. Ke2 Qxg2 34. Rd4 c5 35. Qxc5 a5 36. f8Q+ Rxf8 37. Qxf8+ Ka7 38. Qe7+ Kb6 39. Rd6+ Kb5 40. Qd7+ Kb4 41. Rb6+ 1-0

[Event "CZE-chT2F 1718"]
[Site "Czech Republic"]
[Date "2017.12.03"]
[Round "4.3"]
[White "Bures, Martin"]
[Black "Kostka, Vit"]
[Result "0-1"]
[WhiteElo "2056"]
[BlackElo "2119"]
[PlyCount "128"]
[EventDate "2017.10.15"]
[EventType "team-tourn"]
[EventRounds "11"]
[EventCountry "CZE"]
[SourceTitle "EXT 2022"]
[Source "ChessBase"]
[SourceDate "2021.10.06"]
[SourceVersion "1"]
[SourceVersionDate "2021.10.06"]
[SourceQuality "1"]
[WhiteTeam "Havirov Banik"]
[BlackTeam "Orlova Slavia"]
[WhiteTeamCountry "CZE"]
[BlackTeamCountry "CZE"]

1. d4 Nf6 2. c4 g6 3. f3 Bg7 4. e4 d6 5. Ne2 0-0 6. Be3 e5 7. dxe5 dxe5 8. Nbc3 c6 9. Bc5 Re8 10. Qxd8 Rxd8 11. Rd1 Rxd1+ 12. Kxd1 Be6 13. Nc1 Bf8 14. Be3 b6 15. Nd3 Nfd7 16. b3 f6 17. Kc2 Na6 18. Be2 Kf7 19. Rd1 Be7 20. Kb2 Ndc5 21. a3 Nxd3+ 22. Rxd3 Bc5 23. Bxc5 Nxc5 24. Rd6 Rc8 25. b4 Nb7 26. Rd1 Rd8 27. Rxd8 Nxd8 28. c5 bxc5 29. bxc5 Ke7 30. Ba6 Bf7 31. Na4 Ne6 32. Kc3 Nd4 33. Nb2 g5 34. Nd1 Be6 35. Ne3 h5 36. Bd3 h4 37. h3 Nb3 38. Nf5+ Kd7 39. Ne3 Nxc5 40. Bc4 Bxc4 41. Kxc4 Ne6 42. Ng4 Ke7 43. Ne3 Nf8 44. Kc5 Kd7 45. Ng4 Kc7 46. Nxf6 Nd7+ 47. Nxd7 Kxd7 48. a4 Kc7 49. a5 Kd7 50. Kc4 Kd6 51. Kb4 c5+ 52. Kc4 Kc6 53. a6 Kb6 54. Kd5 Kb5 55. Kxe5 c4 56. Kd4 Kb4 57. e5 c3 58. Kd3 Kb3 59. e6 c2 60. Ke4 c1Q 61. Kf5 Qf4+ 62. Kg6 Qe5 63. Kf7 Qf5+ 64. Ke7 Kc4 0-1

[Event "CZE-chT2D 1516"]
[Site "Czech Republic"]
[Date "2016.04.03"]
[Round "10.8"]
[White "Bures, Martin"]
[Black "Horak, Jan"]
[Result "1/2-1/2"]
[WhiteElo "1589"]
[BlackElo "1578"]
[PlyCount "42"]
[EventDate "2015.10.18"]
[EventType "team-tourn"]
[EventRounds "11"]
[EventCountry "CZE"]
[SourceTitle "EXT 2022"]
[Source "ChessBase"]
[SourceDate "2021.10.06"]
[SourceVersion "1"]
[SourceVersionDate "2021.10.06"]
[SourceQuality "1"]
[WhiteTeam "Polabiny III"]
[BlackTeam "Rychnov nad Kneznou"]
[WhiteTeamCountry "CZE"]
[BlackTeamCountry "CZE"]

1. d4 Nf6 2. c4 e5 3. dxe5 Ng4 4. Bf4 Nc6 5. Nf3 Bb4+ 6. Nbd2 Qe7 7. e3 Ngxe5 8. Nxe5 Nxe5 9. Be2 d6 10. 0-0 0-0 11. Nb3 Be6 12. Rc1 Rad8 13. a3 Bc5 14. Nxc5 dxc5 15. Qc2 f6 16. Rfd1 Ng6 17. Bg3 Rxd1+ 18. Rxd1 Rd8 19. Rxd8+ Qxd8 20. Qd3 Qxd3 21. Bxd3 Ne5 1/2-1/2

[Event "CZE-chT2F 1516"]
[Site "Czech Republic"]
[Date "2016.02.21"]
[Round "8.13"]
[White "Bures, Martin"]
[Black "Jaworski, Miroslaw"]
[Result "0-1"]
[WhiteElo "2089"]
[BlackElo "2269"]
[PlyCount "148"]
[EventDate "2015.10.18"]
[EventType "team-tourn"]
[EventRounds "11"]
[EventCountry "CZE"]
[SourceTitle "EXT 2022"]
[Source "ChessBase"]
[SourceDate "2021.10.06"]
[SourceVersion "1"]
[SourceVersionDate "2021.10.06"]
[SourceQuality "1"]
[WhiteTeam "Havirov Banik"]
[BlackTeam "Havirov Slovan"]
[WhiteTeamCountry "CZE"]
[BlackTeamCountry "CZE"]

1. d4 Nf6 2. Nc3 d5 3. Bf4 c5 4. dxc5 d4 5. Na4 Nc6 6. Nf3 Qa5+ 7. c3 b5 8. cxb6 axb6 9. e3 Bd7 10. exd4 Qxa4 11. Qxa4 Rxa4 12. Bd3 e6 13. 0-0 Be7 14. b3 Ra7 15. a4 0-0 16. h3 Rc8 17. Bd2 Bd6 18. Rfe1 Nd5 19. Rab1 Na5 20. c4 Nb4 21. Bf1 Nac6 22. Rbc1 Na5 23. Re3 Rb7 24. Be2 f6 25. Bd1 Kf7 26. Kf1 Nbc6 27. Re1 Ba3 28. Rb1 Be7 29. Bc2 h5 30. Be4 Ra7 31. d5 Nb4 32. dxe6+ Bxe6 33. Nd4 Bd7 34. Nb5 Bxb5 35. axb5 Rd8 36. Be3 Bc5 37. Bxc5 bxc5 38. Re3 Rad7 39. Ra1 Rd1+ 40. Rxd1 Rxd1+ 41. Ke2 Rd7 42. h4 g6 43. g3 f5 44. Bg2 Re7 45. Kf3 Rxe3+ 46. fxe3 Nxb3 47. Kf4 Kf6 48. b6 Nd2 49. e4 Nxc4 50. b7 Nd3+ 51. Kf3 Nde5+ 52. Kf4 Nd7 53. exf5 gxf5 54. Bf3 Nd6 55. Bxh5 Nxb7 56. g4 fxg4 57. Bxg4 Ne5 58. Be2 Nd6 59. h5 Nef7 60. Ba6 Ng5 61. Bd3 Ne6+ 62. Kg4 Nf7 63. Be2 Nh6+ 64. Kf3 Nd4+ 65. Ke4 Ke6 66. Bc4+ Kd6 67. Kf4 Ne6+ 68. Ke4 Ng7 69. Kf4 Ne6+ 70. Ke4 Nd8 71. Kf4 Ndf7 72. Bb3 Kc6 73. Bc4 Kb6 74. Ke4 Nd6+ 0-1

[Event "CZE-chTE U20 1314"]
[Site "Czech Republic"]
[Date "2013.10.12"]
[Round "2.5"]
[White "Hruza, Dominik"]
[Black "Bures, Martin"]
[Result "1-0"]
[WhiteElo "1642"]
[BlackElo "1644"]
[PlyCount "39"]
[EventDate "2013.10.12"]
[EventType "team-tourn"]
[EventRounds "11"]
[EventCountry "CZE"]
[SourceTitle "EXT 2015"]
[Source "ChessBase"]
[SourceDate "2014.11.20"]
[SourceVersion "1"]
[SourceVersionDate "2014.11.20"]
[SourceQuality "1"]
[WhiteTeam "Brno Lokomotiva (U20)"]
[BlackTeam "Polabiny (U20) II"]
[WhiteTeamCountry "CZE"]
[BlackTeamCountry "CZE"]

1. e4 e6 2. d4 d5 3. exd5 exd5 4. Bd3 Bd6 5. Nf3 Ne7 6. 0-0 Nbc6 7. c3 Bg4 8. Be3 Qd7 9. Nbd2 f6 10. b3 0-0-0 11. Qc2 h5 12. a3 g5 13. c4 dxc4 14. bxc4 a6 15. Qa4 Nb8 16. Qb3 h4 17. Rab1 c6 18. c5 Bf4 19. Bxf4 gxf4 20. Nc4 1-0